| 000 | 00624nam a2200157 a 4500 | ||
|---|---|---|---|
| 001 | 000015797 | ||
| 005 | 20200929164144.0 | ||
| 008 | 100218s1946 dr ad 001 0 spa d | ||
| 040 |
_aDO-SdBNP _bspa _cBNPHU |
||
| 041 | 1 | 7 |
_aspa _heng _hfre |
| 110 | 1 |
_aRepública Dominicana. _bComisión para el estudio del informe de la Brookings institution sobre "La colonización de refugiados en la República dominicana," _935556 |
|
| 245 | 1 | 0 | _aCapacidad de la República Dominicana para absorber refugiados. |
| 260 |
_aCiudad Trujillo, República Dominicana : _bEditora Montalvo, _c1946. |
||
| 300 |
_a120 p. ; _c24 cm. |
||
| 049 | _aBNPD | ||
| 999 |
_c15343 _d15343 |
||